Technician's guide to fiber optics / (Record no. 181091)

000 -LEADER
fixed length control field 00992 a2200217 4500
003 - CONTROL NUMBER IDENTIFIER
control field Nust
005 - DATE AND TIME OF LATEST TRANSACTION
control field 20221117090152.0
010 ## - LIBRARY OF CONGRESS CONTROL NUMBER
LC control number 2003065098
020 ## - INTERNATIONAL STANDARD BOOK NUMBER
International Standard Book Number 1401836305 (IG)
020 ## - INTERNATIONAL STANDARD BOOK NUMBER
International Standard Book Number 9812406298
040 ## - CATALOGING SOURCE
Transcribing agency Nust
082 00 - DEWEY DECIMAL CLASSIFICATION NUMBER
Classification number 621.3692,STE
100 1# - MAIN ENTRY--PERSONAL NAME
Personal name Sterling, Donald J.
9 (RLIN) 102746
245 10 - TITLE STATEMENT
Title Technician's guide to fiber optics /
Statement of responsibility, etc. Donald J. Sterling
250 ## - EDITION STATEMENT
Edition statement 3rd ed.
260 ## - PUBLICATION, DISTRIBUTION, ETC.
Place of publication, distribution, etc. Clifton Park, NY :
Name of publisher, distributor, etc. Thomson/Delmar Learning,
Date of publication, distribution, etc. c2004.
300 ## - PHYSICAL DESCRIPTION
Extent 368 p. :
Other physical details ill. ;
Dimensions 25 cm.
505 ## - FORMATTED CONTENTS NOTE
Formatted contents note The Comm. Revolution (Page-3), Information Transmission (Page-13), Fiber Optic as Comm. Medium (Page-25), Fiber Characteristics (Page-63), Sources (Page-93), Detectors (Page-129), Transmitters and Receivers (Page-147), Connectors and Splices (Page-165), Couplers, Multiplexers and other Devices (Page-201), Fiber Optic Link (Page-225), Fiber Optic Systems (Page-249), Introduction to Test and Other Equipment (Page-303).
650 #0 - SUBJECT ADDED ENTRY--TOPICAL TERM
Topical term or geographic name entry element Fiber optics.
9 (RLIN) 58050
942 ## - ADDED ENTRY ELEMENTS (KOHA)
Source of classification or shelving scheme
Koha item type Book
Holdings
Withdrawn status Lost status Source of classification or shelving scheme Damaged status Not for loan Permanent Location Current Location Shelving location Date acquired Full call number Barcode Date last seen Price effective from Koha item type Public note
          Military College of Signals (MCS) Military College of Signals (MCS) General Stacks 12/12/2016 621.3692,STE MCS30711 12/08/2016 12/12/2016 Book Almirah No.30, Shelf No.4
© 2023 Central Library, National University of Sciences and Technology. All Rights Reserved.